Polregio [Zakopane - Kraków] wszystkie stacje pociągu - Statystyki

Ogólne statystyki
  • Ten quiz został rozwiązany 43 razy
  • Średni wynik to 23 z 50
Statystyki odpowiedzi
Odpowiedź % Poprawnych
Zakopane
100%
Nowy Targ
94%
Poronin
94%
Chabówka
89%
Kraków Główny
89%
Sucha Beskidzka
81%
Kraków Grzegórzki
75%
Skawina
75%
Kalwaria Zebrzydowska Lanckorona
67%
Kraków Łagiewniki
67%
Szaflary
67%
Kraków Sanktuarium
64%
Kraków Bonarka
61%
Kraków Podgórze
61%
Kraków Zabłocie
61%
Biały Dunajec
58%
Chabówka Stadion
56%
Kraków Swoszowice
56%
Maków Podhalański
56%
Jordanów
53%
Kraków Opatkowice
50%
Kraków Sidzina
50%
Radziszów
44%
Poronin Misiagi
39%
Wola Radziszowska
39%
Zembrzyce
39%
Skawina Jagielnia
36%
Radziszów Centrum
33%
Rzozów
33%
Skawa
33%
Bańska Niżna
31%
Pyzówka
31%
Raba Wyżna
31%
Lasek
25%
Leńcze
25%
Osielec
25%
Rokiciny Podhalańskie
25%
Rzozów Centrum
25%
Juszczyn
22%
Sieniawa
22%
Skawa Środkowa
22%
Szaflary Centrum
22%
Kojszówka
19%
Bystra Podhalańska
17%
Podolany
17%
Stronie
17%
Wola Radziszowska Lipki
17%
Dąbrówka Jezioro Mucharskie
14%
Przytkowice
14%
Stryszów
14%
Nie znaleziono quizów pasujących do podanych kryteriów
Rozkład punktacji
Procent ludzi z każdym wynikiem
Percentyl według liczby udzielonych odpowiedzi
Twoja historia wyników
Nie rozwiązałeś tego quizu